<?xml version="1.0" encoding="UTF-8"?>
<collection xmlns="http://www.loc.gov/MARC21/slim">
 <record>
  <leader>01388nam a2200181Ia 4500</leader>
  <controlfield tag="001">CTU_14905</controlfield>
  <controlfield tag="008">210402s9999    xx            000 0 und d</controlfield>
  <datafield tag="082" ind1=" " ind2=" ">
   <subfield code="a">693.54</subfield>
  </datafield>
  <datafield tag="082" ind1=" " ind2=" ">
   <subfield code="b">K44</subfield>
  </datafield>
  <datafield tag="100" ind1=" " ind2=" ">
   <subfield code="a">Key, David</subfield>
  </datafield>
  <datafield tag="245" ind1=" " ind2="0">
   <subfield code="a">Thực hành thiết kế chống động đất cho công trình xây dựng</subfield>
  </datafield>
  <datafield tag="245" ind1=" " ind2="0">
   <subfield code="c">David Key; Dịch giả: Phạm Ngọc Khánh, Lê Mạnh Lân</subfield>
  </datafield>
  <datafield tag="260" ind1=" " ind2=" ">
   <subfield code="a">Hà Nội</subfield>
  </datafield>
  <datafield tag="260" ind1=" " ind2=" ">
   <subfield code="b">Xây dựng</subfield>
  </datafield>
  <datafield tag="260" ind1=" " ind2=" ">
   <subfield code="c">1997</subfield>
  </datafield>
  <datafield tag="520" ind1=" " ind2=" ">
   <subfield code="a">Cuốn sách đã đề cập đến các nguyên lí cơ bản của thiết kế chống động đất và hướng dẫn thực hành thiết kế chống động đất đối với nhà cao tầng; Sách đưa ra những chỉ dẫn thiết kế các cấu kiện chính và các cấu kiện phụ của nhà cao tầng. Cuốn sách cũng đưa ra một số phương pháp tính toán, một số qui định trong qui phạm của các nước, đặc biệt chú ý tới qui phạm Thiết kế Xây dựng Thống nhất của Mỹ và Qui phạm của New Zealand, một số giải pháp thường được áp dụng có hiệu quả.</subfield>
  </datafield>
  <datafield tag="650" ind1=" " ind2=" ">
   <subfield code="a">buildings,foundation,structural engineering</subfield>
  </datafield>
  <datafield tag="980" ind1=" " ind2=" ">
   <subfield code="a">Trung tâm Học liệu Trường Đại học Cần Thơ</subfield>
  </datafield>
 </record>
</collection>
